• 首页
  • 本馆介绍
  • 公告通知
  • 最新文献
  • 馆藏检索
  • 电子资源
  • 读者导购
  • 参考咨询
  • 我的图书馆
  • 登录
  • 详细信息显示
  • 放入我的书架
  • 预约/预借图书
  • 作者相关作品
  • 分类相关作品
  • 丛书相关作品
  • 出版社相关作品

书目信息

  • 表格格式
  • 工作单格式
  • 卡片格式
题名:
有机物络合萃取化学
    
 
作者: 戴猷元 编著
分册:  
出版信息: 北京   化学工业出版社  2008
页数: 264页
开本: 26cm
丛书名:
单 册:
中图分类: O658.2
科图分类:
主题词: 有机化合物--络合物--溶剂萃取 , 有机化合物 , 络合物 , 溶剂萃取
电子资源:
ISBN: 978-7-122-02724-5
000 00946nam0 2200265 45
005 20100303154358.09
010    @a978-7-122-02724-5@dCNY50.00
100    @a20091228d2008 ekmy0chiy0120 ea
101 0  @achi
102    @aCN@b110000
105    @ay z 000yy
106    @ar
200 1  @a有机物络合萃取化学@AYou Ji Wu Luo He Cui Qu Hua Xue@f戴猷元[等]编著@FDai You Yuan [ Deng ] Bian Zhu
210    @a北京@c化学工业出版社@d2008
215    @a264页@d26cm
304    @a编著者还有:秦炜、张瑾、单欣昌
330    @a本书包括萃取基本知识、萃取过程描述、各种萃取体系、萃取体系QSPR研究以及萃取过程设计、技术应用等方面的内容,系统阐述了络合萃取的化学原理、过程特征、萃取体系、分离工艺及模型预测等。
606 0  @a有机化合物@x络合物@x溶剂萃取
606 0  @a有机化合物
606 0  @a络合物
606 0  @a溶剂萃取
690    @aO658.2@v4
701  0 @a戴猷元@ADai You Yuan@4编著
801  0 @aCN@bTANGWEI@c20100303
905    @b0584118-22@dO658.2@e20@f5
    
    有机物络合萃取化学/戴猷元[等]编著.-北京:化学工业出版社,2008
    264页;26cm
    
    
    ISBN 978-7-122-02724-5:CNY50.00
    本书包括萃取基本知识、萃取过程描述、各种萃取体系、萃取体系QSPR研究以及萃取过程设计、技术应用等方面的内容,系统阐述了络合萃取的化学原理、过程特征、萃取体系、分离工艺及模型预测等。
●
相关链接 在E读中查询图书 在五车中查询图书 在当当中查询图书 在豆瓣中查询图书


正题名:有机物络合萃取化学     索取号:O658.2/20         预约/预借

序号 登录号 条形码 馆藏地/架位号 状态 备注
1 0584118   205841188   第二样本阅览室/ [索取号:O658.2/20] 在馆    
2 0584119   205841197   第三借阅区/ [索取号:O658.2/20] 在馆    
3 0584120   205841204   第三借阅区/ [索取号:O658.2/20] 在馆    
4 0584121   205841213   第三借阅区/ [索取号:O658.2/20] 在馆    
5 0584122   205841222   第三借阅区/ [索取号:O658.2/20] 在馆    
唐山师范学院图书馆 欢迎您!
大连网信软件有限公司© 版权所有